FIFTY FEET IN PARADISE (Record no. 3068)
[ view plain ]
| 000 -LEADER | |
|---|---|
| fixed length control field | 00296nam a22001097a 4500 |
| 008 - FIXED-LENGTH DATA ELEMENTS--GENERAL INFORMATION | |
| fixed length control field | 150916b xxu||||| |||| 00| 0 eng d |
| 020 ## - INTERNATIONAL STANDARD BOOK NUMBER | |
| International Standard Book Number | 0151307482 |
| 082 ## - | |
| Classification number | 330.9759 NOL |
| 100 ## - MAIN ENTRY--PERSONAL NAME | |
| Personal name | NOLAN,D |
| 245 ## - TITLE STATEMENT | |
| Title | FIFTY FEET IN PARADISE |
| 260 ## - PUBLICATION, DISTRIBUTION, ETC. (IMPRINT) | |
| Place of publication, distribution, etc. | NEW YORK; |
| Name of publisher, distributor, etc. | HARCOURT BRACE JOVANOVICH,PUBLISHERS |
| Date of publication, distribution, etc. | 1984. |
| Withdrawn status | Lost status | Source of classification or shelving scheme | Damaged status | Koha normalized classification for sorting | Not for loan | Home library | Current library | Shelving location | Date acquired | Total Checkouts | Full call number | Barcode | Date last seen | Price effective from | Koha item type |
|---|---|---|---|---|---|---|---|---|---|---|---|---|---|---|---|
| Dewey Decimal Classification | 330_975900000000000_NOL | Dodoma | Dodoma | Ground Floor | 16/09/2015 | 330.9759 NOL | 000000003602 | 29/07/2019 | 16/09/2015 | BOOKS |
